000
00294nam a2200097Ia 4500
008
241105s9999 xx 000 0 und d
041
_a
eng
100
_a
Iman
_9
183150
245
_a
Landscape Design Proposal Of Campus For Development Of Autistic Individuals
260
_b
BNCA M Arch LA, Pune
_c
2017
999
_c
361445
_d
361445